La perla (Record no. 164611)
[ view plain ]
| 000 -LEADER | |
|---|---|
| campo de control de longitud fija | 00854nam a22001935i 4500 |
| 001 - NÚMERO DE CONTROL | |
| campo de control | 164611 |
| 003 - IDENTIFICADOR DE NÚMERO DE CONTROL | |
| campo de control | ES-MaACL |
| 005 - FECHA Y HORA DE LA ÚLTIMA TRANSACCIÓN | |
| campo de control | 20230906212953.0 |
| 008 - DATOS DE LONGITUD FIJA--INFORMACIÓN GENERAL | |
| campo de control de longitud fija | 050729s1870 sp | |||||||| ||spa d |
| 040 ## - FUENTE DE CATALOGACIÓN | |
| Centro catalogador/agencia de origen | CAM |
| Lengua de catalogación | spa |
| Centro/agencia transcriptor | CAM |
| 100 1# - ENTRADA PRINCIPAL--NOMBRE DE PERSONA | |
| Nombre de persona | Sánchez y Albarran, José. |
| 9 (RLIN) | 133035 |
| 245 13 - MENCIÓN DEL TÍTULO | |
| Título | La perla |
| Resto del título | : zarzuela original en tres actos / |
| Mención de responsabilidad, etc. | escrita por José Sanchez y Albarran ; música del maestro español Ventura Sánchez de Madrid. |
| 260 ## - PUBLICACIÓN, DISTRIBUCIÓN, ETC. | |
| Lugar de publicación, distribución, etc. | Cádiz : |
| Nombre del editor, distribuidor, etc. | [s.n.], |
| Fecha de publicación, distribución, etc. | 1870 ( |
| Fabricante | Imprenta de la Revista Médica) |
| 300 ## - DESCRIPCIÓN FÍSICA | |
| Extensión | 70 p. ; |
| Dimensiones | 18 cm. |
| 500 ## - NOTA GENERAL | |
| Nota general | En port.: Representada en el Teatro Principal de Málaga. |
| 500 ## - NOTA GENERAL | |
| Nota general | Solo la letra. |
| 700 1# - ENTRADA AGREGADA--NOMBRE PERSONAL | |
| Nombre de persona | Sánchez de Madrid, Ventura. |
| 9 (RLIN) | 133026 |
| 852 ## - LOCALIZACIÓN | |
| Ubicación | ES-MaACL |
| Número de control de estantería | F-8580(8) |
| Nota libre | -- Enc. pasta española |
| -- | -- Enc. en un vol. facticio formando parte de la col. facticia "Teatro español moderno", vol. 33 |
| Estatus retirado | Estado de pérdida | Estado de daño | No para préstamo | Colección | Biblioteca de origen | Biblioteca actual | Ubicación en estantería | Fecha de adquisición | Total de préstamos | Signatura topográfica completa | Código de barras | Visto por última vez | Precio de reemplazo | Tipo de ítem Koha |
|---|---|---|---|---|---|---|---|---|---|---|---|---|---|---|
| Libros del s. XIX | Biblioteca del Ateneo de Madrid | Biblioteca del Ateneo de Madrid | Sala Pecera Planta 2 | 17/01/2008 | F-8580(8) | 1172556 | 23/02/2023 | 23/02/2023 | Libro impreso antiguo |
